Análisis del comportamiento eléctrico de redes de distribución
Guardado en:
| Autor principal: | |
|---|---|
| Otros Autores: | |
| Formato: | Libro |
| Publicado: |
San José, Costa Rica
1983
|
| Materias: | |
| Etiquetas: |
Agregar Etiqueta
Sin Etiquetas, Sea el primero en etiquetar este registro!
|
MARC
| LEADER | 00000nam a2200000Ia 4500 | ||
|---|---|---|---|
| 003 | 007594 | ||
| 005 | 20221231144350.0 | ||
| 008 | 140114s1984 cr a m 000 ||s d | ||
| 040 | |c cru CEDI | ||
| 090 | |a TFG 1943 | ||
| 100 | |a Biolley Muñoz, Walter |9 13955 | ||
| 245 | |a Análisis del comportamiento eléctrico de redes de distribución | ||
| 260 | |c 1983 |a San José, Costa Rica | ||
| 300 | |a 8 [70]hojas : ilustraciones ; 28 cm | ||
| 500 | |a Anteproyecto de graduacion (para optar al grado licenciatura en ingeniería eléctrica)--Universidad de Costa Rica. Facultad de Ingeniería. Escuela de Ingenieria Electrica | ||
| 650 | |x REDES ELECTRICAS |x ENERGIA ELECTRICA |9 13958 | ||
| 700 | |9 13956 |a López J., Ismael | ||
| 942 | |c TFG | ||
| 999 | |c 20801 |d 20801 | ||
